Statystyki dla Szwedzka imigracja według państw.

Kliknij tutaj aby rozwiązać quiz!

Ogólne statystyki

  • Ten quiz został rozwiązany 4 115 razy
    (1 954 od ostatniego zresetowania)
  • Średni wynik to 12 z 21

Statystyki odpowiedzi

LudziePaństwo pochodzenia% Poprawnych
95 076Polska
98%
40 625Norwegia
97%
136 607Finlandia
96%
52 960Niemcy
95%
38 474Dania
91%
31 993Wielka Brytania
82%
37 172Chiny
73%
47 369Indie
69%
54 004Turcja
69%
146 769Irak
62%
83 122Iran
62%
196 077Syria
62%
62 803Afganistan
47%
33 695Rumunia
45%
62 444Serbia/Czarnogóra
41%
29 313Liban
36%
60 194Bośnia i Hercegowina
30%
45 109Tajlandia
30%
70 087Somalia
28%
48 278Erytrea
16%
27 894Chile
14%

Rozkład punktacji

Percentyl według liczby udzielonych odpowiedzi

Procent ludzi z każdym wynikiem

Twoja historia wyników

Nie rozwiązałeś tego quizu od ostatniego zresetowania